Normal view
MARC view
Entry Topical Term
001 - CONTROL NUMBER
- control field: 12087
003 - CONTROL NUMBER IDENTIFIER
- control field: PK-LaUMT
005 - DATE AND TIME OF LATEST TRANSACTION
- control field: 20260601145247.0
008 - FIXED-LENGTH DATA ELEMENTS
- fixed length control field: 260601|| aca||aabn | a|a d
040 ## - CATALOGING SOURCE
- Original cataloging agency: PK-LaUMT
- Transcribing agency: PK-LaUMT
150 ## - HEADING--TOPICAL TERM
- Topical term or geographic name as entry element: College student-government
670 ## - SOURCE DATA FOUND
- Source citation: Work cat.: (PK-LaUMT)140903: Kouzes, James 12086, The student leadership challenge :, 2024
